LEADER 02569nam--2200517---450- 001 990002160000203316 005 20090407105745.0 010 $a0-444-51638-7$b(vol. 2.3) 010 $a0-444-51941-6$b(vol. 2.9) 010 $a978-0-444-53134-6$b(vol. 5.6) 010 $a0-444-50942-9$b(vol. 6.2) 010 $a0444-51835-5$b(vol. 6.3) 010 $a0-444-51460-0$b(vol. 6.6) 010 $a0-444-51461-9$b(vol. 6.8) 010 $a0444-82974-1$b(vol. 2.2) 035 $a000216000 035 $aUSA01000216000 035 $a(ALEPH)000216000USA01 035 $a000216000 100 $a20041110f---0---9km-y0itay50------ba 101 0 $alat$agrc$ager$afre$aeng 102 $aNL 105 $ay|||z|||001yy 200 1 $aOpera omnia Desiderii Erasmi Roterodami$erecognita et adnotatione critica instructa notisque illustrata 210 $aAmsterdam [etc.]$cNorth Holland : [poi] Elsevier 215 $av.$cill.$d26 cm 327 1 $a2.3. - 2005. - VIII, 528 p. - Contiene: Adagiorum Chilias secunda$a2.9. - 2005. - VIII, 490 p., [3] c. di tav. - Contiene: Adagiorum collectanea$a5.6. - 2008. - 356 p. - Contiene: Christiani matrimonii institvtio ; Vidva christiana$a6.2. - 2001. - VII, 516 p., [1] c. di tav. - Contiene: Novum Testamentum ab Erasmo recognitum II, Evangelium secundum Iohannem et acta apostolorum$a6.3. - 2004. - 693 p., [3] c. di tav. - Contiene: Novum testamentum ab Erasmo recognitum III, Epistolae apostolicae (prima pars)$a6.6. - 2003. - 404 p., [2] c. di tav. - Contiene: Annotationes in Novum Testamentum, pars secunda$a6.8. - 2003. - 507 p. - Contiene: Annotationes in Novum Testamentum, pars quarta$a2.2. - 1998. - 546 p., [4] c. di tav. - Contiene: Adagiorum chilias prima, pars altera 676 $a001.2 700 0$aERASMUS,$bDesiderius$0176189 801 0$aIT$bsalbc$gISBD 912 $a990002160000203316 951 $aII.1.C. 1907/2.3$b215581 L.M.$cII.1.$d00203593 951 $aII.1.C. 1907/2.9$b215583 L.M.$cII.1.$d00203594 951 $aII.1.C. 1907/5.6$b215582 L.M.$cII.1.$d00203595 959 $aBK 969 $aUMA 979 $aMARIA$b10$c20041110$lUSA01$h1252 979 $aANNAMARIA$b90$c20090311$lUSA01$h0906 979 $aANNAMARIA$b90$c20090311$lUSA01$h0930 979 $aANNAMARIA$b90$c20090311$lUSA01$h0949 979 $aANNAMARIA$b90$c20090311$lUSA01$h0950 979 $aMARTUCCIEL$b90$c20090407$lUSA01$h1057 979 $aANNAMARIA$b90$c20120214$lUSA01$h0927 979 $aBATCH-UPD$b90$c20161219$lUSA01$h0947 996 $aOpera omnia Desiderii Erasmi Roterodami$91516739 997 $aUNISA